000
00315 a2200109 4500
001
ART_48387
005
20260410161809.0
008
260409a
245
1
0
_a
Contratos asociativos
100
1
_a
Arduino, Augusto H.L.
773
0
_t
Doctrina Societaria y Concursal
_g
- N° 375 (feb. 2019)
_w
REV4298
999
_c
21278
_d
21278